|
|
|
|
| LEADER |
00000nab a2200000 a 4500 |
| 001 |
vtls000739106 |
| 003 |
SK-MaSNL |
| 005 |
20260426063459.0 |
| 008 |
140303c2000 xo 0 slo |
| 015 |
|
|
|a SNBRB2000/12-34974
|
| 035 |
|
|
|a CLN000090966
|
| 040 |
|
|
|a SNKBUCL
|b slo
|c SNKBUCL
|e AACR2
|
| 041 |
0 |
|
|a slo
|
| 044 |
|
|
|a xo
|c SK
|
| 080 |
|
|
|a 616.36:061.3
|2 1997
|
| 080 |
|
|
|a 615.03:061.3
|2 1997
|
| 245 |
0 |
0 |
|a Abstrakty
|
| 611 |
1 |
7 |
|a Medzinárodné sympózium hepatológie a klinickej farmácie
|n 2.
|d 2000
|c Bratislava, Slovensko
|x referáty
|x abstrakty
|2 snkbucl
|9 1286509
|
| 648 |
|
7 |
|a 2000
|2 SNK
|9 295137
|
| 650 |
0 |
7 |
|a hepatológia
|2 SNKPH
|9 15543
|
| 650 |
0 |
7 |
|a klinická farmácia
|2 SNKPH
|9 168211
|
| 650 |
0 |
7 |
|a sympózia
|2 SNKPH
|9 22177
|
| 651 |
|
7 |
|a Bratislava (Slovensko)
|2 SNKPHgeo
|9 14568
|
| 655 |
|
7 |
|a články z novín a časopisov
|2 SNK
|9 267496
|
| 773 |
0 |
|
|t Zdravotnícke noviny
|g Roč. 5, č. 37 (2000)
|x 1335-4477
|
| 773 |
0 |
|
|t [Príl.] Pečeň a lieky 2000 - lieková politika v hepatológii
|g S. II-III
|x 1335-4477
|
| 850 |
|
|
|a Slovenská národná knižnica v Martine
|
| 852 |
|
|
|a SNK
|b KIS3GCP
|
| 958 |
|
|
|a MI
|
| 992 |
|
|
|a RBX
|
| 999 |
|
|
|c 2556539
|d 2558469
|